000 01028nam a2200325Ia 4500
001 Z_1159
003 CHAP
008 220113s9999 xx 000 0 und d
010 _a164243
020 _a0-87041-137-3 (obra original) / 968-426-293-0 (versión en español)
040 _cCHAP
082 _a612 G35
100 _aGanong, William F.
_945561
245 _aFisiología médica /
_cWilliam F. Ganong; traductor Ingrid Mascher Gramlich; revisión Héctor Brust Carmona
250 _a9a ed.
260 _aMéxico :
_bEl Manual Moderno,
_c
300 _a682 p.
500 _aTítulo original de la obra : Review of medical physiology de 1983
503 _aej.1: s/n \ ej.2: C/E repocisión \ ej.3: s/n
504 _aIncluye bibliografía e índice
650 _aFisiología humana
_9137527
700 _a Brust Carmona, Héctor, rev.
_9138355
700 _aMascher Gramlich, Ingrid, tr.
_9138356
901 _a612 G35
902 _aM
910 _a
942 _c1
942 _cc1
999 _c164243
_d164243